| Tag |
First Indicator |
Second Indicator |
Subfields |
| LEADER |
00000cam a2200000 4500 |
| 001 |
in00000033681 |
| 005 |
20151007061922.0 |
| 008 |
720411s1949 nyu 00001 eng u |
| 010 |
|
|
|a 49008270
|
| 035 |
|
|
|a (OCoLC)00280353
|
| 035 |
|
|
|9 AAD3469AM
|
| 040 |
|
|
|c WSU
|d TXA
|d UtOrBLW
|
| 049 |
|
|
|a TXAM
|c [167347]
|
| 050 |
|
0 |
|a PZ3.B69796
|b Hi
|
| 090 |
|
|
|a PS3503.O9357
|b H57 1949
|
| 092 |
|
|
|a 813
|b B792h
|
| 100 |
1 |
|
|a Boyle, Kay,
|d 1902-1992.
|
| 245 |
1 |
0 |
|a His human majesty.
|
| 264 |
|
1 |
|a New York :
|b Whittlesey House,
|c [1949]
|
| 300 |
|
|
|a 295 pages ;
|c 21 cm.
|
| 336 |
|
|
|a text
|b txt
|2 rdacontent
|
| 337 |
|
|
|a unmediated
|b n
|2 rdamedia
|
| 338 |
|
|
|a volume
|b nc
|2 rdacarrier
|
| 999 |
|
|
|a MARS
|
| 999 |
f |
f |
|s 4b1c7ce9-d13a-3b50-804f-bf6bcf840a9c
|i c7f04e97-e568-3312-8f82-c1a961df73b9
|t 0
|
| 952 |
f |
f |
|p ric
|a Texas A&M University
|b Rellis Campus
|c Joint Library Facility
|d Remote Storage
|t 0
|e PS3503.O9357 H57 1949
|h Library of Congress classification
|i unmediated -- volume
|m A14801229719
|
| 998 |
f |
f |
|a PS3503.O9357 H57 1949
|t 0
|l Remote Storage
|